=LDR 00000nam 2200000 4500 =001 INLIS000000000037729 =005 20130612143439 =008 ***********************************Ind** =035 ##$$0010-061300000037729 =041 ##$$a Ind =082 ##$$a 351.140 76 =090 ##$$a 351.140 76, Leo s =100 ##$$a leonard =245 ##$$a 1450 soal tes CPNS dan TPA lengkap dengan kunci jawaban, Leonard =260 ##$$a 2009 $b Jakarta =300 ##$$a iv, 249 hlm, ilus, 23 cm =650 ##$$a Pegawai negeri-penerimaan-tes dan soal-soal =850 ##$$a NBPNMAT